Most Popular Vacation Destinations in the U.S. - Statistics

General Stats
  • This quiz has been taken 343 times
  • The average score is 8 of 20
Answer Stats
Hint Answer % Correct
1. New York City
95%
18. Miami Beach
84%
3. Las Vegas
76%
14. Orlando
70%
15. Chicago
68%
19. Washington D.C.
68%
7. Hawaii - the Big Island
59%
8. San Diego
58%
4. New Orleans
50%
11. Nashville
44%
20. Austin
35%
2. Maui
30%
6. Oahu
24%
13. Charleston
21%
5. Key West
21%
10. Kauai
16%
9. Savannah
14%
12. Sedona
5%
17. Asheville
4%
16. Branson
4%
No matching quizzes found
Score Distribution
Percent of People with Each Score
Percentile by Number Answered
Your Score History
You have not taken this quiz